<?xml version="1.0" encoding="UTF-8"?>
<record
    xmlns:xsi="http://www.w3.org/2001/XMLSchema-instance"
    xsi:schemaLocation="http://www.loc.gov/MARC21/slim http://www.loc.gov/standards/marcxml/schema/MARC21slim.xsd"
    xmlns="http://www.loc.gov/MARC21/slim">

  <leader>00989nam a22002417a 4500</leader>
  <controlfield tag="005">20240530110534.0</controlfield>
  <controlfield tag="008">160328s2013    ua a   g      000 0 ara d</controlfield>
  <datafield tag="017" ind1=" " ind2=" ">
    <subfield code="a">2012/17669</subfield>
    <subfield code="b">&#x645;&#x635;&#x631; . &#x62F;&#x627;&#x631; &#x627;&#x644;&#x643;&#x62A;&#x628; &#x627;&#x644;&#x645;&#x635;&#x631;&#x64A;&#x629;</subfield>
  </datafield>
  <datafield tag="020" ind1=" " ind2=" ">
    <subfield code="a">9789774951206</subfield>
  </datafield>
  <datafield tag="040" ind1=" " ind2=" ">
    <subfield code="a">EG-CaGPL</subfield>
  </datafield>
  <datafield tag="082" ind1="0" ind2="4">
    <subfield code="2">21</subfield>
    <subfield code="a">302.2304\</subfield>
    <subfield code="b">&#x645; &#x635; </subfield>
  </datafield>
  <datafield tag="100" ind1="0" ind2=" ">
    <subfield code="a">&#x645;&#x64A;&#x631;&#x627;&#x644; &#x645;&#x635;&#x637;&#x641;&#x649; &#x639;&#x628;&#x62F;&#x627;&#x644;&#x641;&#x62A;&#x627;&#x62D; .</subfield>
  </datafield>
  <datafield tag="245" ind1="1" ind2="0">
    <subfield code="a">&#x635;&#x648;&#x631;&#x629; &#x627;&#x644;&#x639;&#x631;&#x628; &#x641;&#x649; &#x627;&#x644;&#x641;&#x636;&#x627;&#x626;&#x64A;&#x627;&#x62A; &#x627;&#x644;&#x627;&#x62E;&#x628;&#x627;&#x631;&#x64A;&#x629; &#x627;&#x644;&#x627;&#x62C;&#x646;&#x628;&#x64A;&#x629; /</subfield>
    <subfield code="c">&#x645;&#x64A;&#x631;&#x627;&#x644; &#x645;&#x635;&#x637;&#x641;&#x649; &#x639;&#x628;&#x62F;&#x627;&#x644;&#x641;&#x62A;&#x627;&#x62D; &#x61B; &#x62A;&#x642;&#x62F;&#x64A;&#x645; &#x641;&#x627;&#x631;&#x648;&#x642; &#x627;&#x628;&#x648;&#x632;&#x64A;&#x62F; .</subfield>
  </datafield>
  <datafield tag="250" ind1=" " ind2=" ">
    <subfield code="a">&#x637;1.</subfield>
  </datafield>
  <datafield tag="260" ind1=" " ind2=" ">
    <subfield code="a">&#x627;&#x644;&#x642;&#x627;&#x647;&#x631;&#x629; :</subfield>
    <subfield code="b">&#x62F;&#x627;&#x631; &#x627;&#x644;&#x639;&#x627;&#x644;&#x645; &#x627;&#x644;&#x639;&#x631;&#x628;&#x649; &#x60C;</subfield>
    <subfield code="c">2013 .</subfield>
  </datafield>
  <datafield tag="300" ind1=" " ind2=" ">
    <subfield code="a">133 &#x635; &#x61B;</subfield>
    <subfield code="c">24 &#x633;&#x645; .</subfield>
  </datafield>
  <datafield tag="490" ind1="0" ind2=" ">
    <subfield code="a">&#x627;&#x62A;&#x62C;&#x627;&#x647;&#x627;&#x62A; &#x62D;&#x62F;&#x64A;&#x62B;&#x629; &#x641;&#x649; &#x627;&#x644;&#x627;&#x639;&#x644;&#x627;&#x645; </subfield>
  </datafield>
  <datafield tag="650" ind1="0" ind2="4">
    <subfield code="a">&#x627;&#x644;&#x627;&#x639;&#x644;&#x627;&#x645; &#x627;&#x644;&#x62F;&#x648;&#x644;&#x649; .</subfield>
  </datafield>
  <datafield tag="650" ind1="0" ind2="4">
    <subfield code="a">&#x627;&#x644;&#x627;&#x639;&#x644;&#x627;&#x645; &#x627;&#x644;&#x62F;&#x648;&#x644;&#x649;</subfield>
    <subfield code="z">&#x627;&#x644;&#x639;&#x627;&#x644;&#x645; &#x627;&#x644;&#x639;&#x631;&#x628;&#x649; .</subfield>
  </datafield>
  <datafield tag="700" ind1="0" ind2=" ">
    <subfield code="a">&#x641;&#x627;&#x631;&#x648;&#x642; &#x627;&#x628;&#x648;&#x632;&#x64A;&#x62F;</subfield>
    <subfield code="e">&#x645;&#x642;&#x62F;&#x645; .</subfield>
  </datafield>
  <datafield tag="942" ind1=" " ind2=" ">
    <subfield code="2">ddc</subfield>
    <subfield code="c">BK</subfield>
  </datafield>
  <datafield tag="999" ind1=" " ind2=" ">
    <subfield code="c">62155</subfield>
    <subfield code="d">62155</subfield>
  </datafield>
  <datafield tag="952" ind1=" " ind2=" ">
    <subfield code="0">0</subfield>
    <subfield code="1">0</subfield>
    <subfield code="4">0</subfield>
    <subfield code="7">0</subfield>
    <subfield code="a">CAI</subfield>
    <subfield code="b">CAI</subfield>
    <subfield code="d">2016-03-28</subfield>
    <subfield code="l">0</subfield>
    <subfield code="o">302.2304\ &#x645; &#x635;</subfield>
    <subfield code="p">161712</subfield>
    <subfield code="r">2016-03-28 00:00:00</subfield>
    <subfield code="w">2016-03-28</subfield>
    <subfield code="y">BK</subfield>
  </datafield>
</record>
